|
|
|
|
| LEADER |
00000nam a2200000 a 4500 |
| 001 |
vtls001438474 |
| 003 |
SK-MaSNL |
| 005 |
20260301013457.0 |
| 008 |
251031s2000 xo a g 0010yyslo |
| 015 |
|
|
|a SNBA2003/05-01401
|
| 020 |
|
|
|a 8088980224
|
| 035 |
|
|
|a SNK000393606
|
| 040 |
|
|
|a SNK
|b slo
|c SNK
|e AACR2
|
| 041 |
0 |
|
|a slo
|
| 044 |
|
|
|a xo
|c SK
|
| 072 |
|
7 |
|a 663
|x Priemysel nápojov. Kvasný priemysel. Priemysel pochutín
|2 konspekt
|
| 080 |
|
|
|a 663.91(091)
|2 1981
|
| 080 |
|
|
|a (035)
|2 1981
|
| 100 |
1 |
|
|a Coady, Chantal
|4 aut
|9 300255
|
| 240 |
1 |
0 |
|a The chocolate companion
|l Slovensky
|
| 245 |
1 |
0 |
|a Čokolády
|b odborný sprievodca najkvalitnejšími čokoládami sveta
|c Chantal Coadyová ; [preklad: Branislav Čech]
|
| 250 |
|
|
|a 1. vyd.
|
| 260 |
|
|
|a [Bratislava]
|b Fortuna Print
|c c2000
|
| 300 |
|
|
|a 192 s.
|b fareb. fotogr.
|c 20 cm
|
| 500 |
|
|
|a Fareb. fotogr. na front.
|
| 500 |
|
|
|a Údaj o prekl. prevzatý z rubu tit. strany
|
| 504 |
|
|
|a Reg.
|
| 650 |
0 |
7 |
|a čokoláda
|x dejiny
|2 SNKPH
|9 300256
|
| 655 |
|
7 |
|a príručky
|2 SNKPH
|9 74364
|
| 700 |
1 |
|
|a Čech, Branislav
|4 trl
|9 300257
|
| 919 |
|
|
|a 80-88980-22-4
|
| 968 |
|
|
|b ENG
|d 66/69
|
| 999 |
|
|
|c 556189
|d 558119
|
| 952 |
|
|
|t P60, <03>, [BOOK], {603}
|a SNK
|b SNK
|y PREZ
|7 0
|p 17A0352046
|o snkSD 72236
|i snkKSP 9229/2002
|0 0
|1 0
|4 0
|d 2002-08-02
|l 0
|r 2005-01-02 00:00:00
|w 2026-02-23
|